[Event "GER-chT U16"]
[Site "Lingen"]
[Date "2015.12.28"]
[Round "3.3"]
[White "Henning, Yannick"]
[Black "Acikel, Mert"]
[Result "1/2-1/2"]
[WhiteElo "1647"]
[BlackElo "1793"]
[PlyCount "81"]
[EventDate "2015.12.27"]
[EventType "team-swiss"]
[EventRounds "7"]
[EventCountry "GER"]
[SourceTitle "EXT 2017"]
[Source "ChessBase"]
[SourceDate "2016.10.25"]
[SourceVersion "1"]
[SourceVersionDate "2016.10.25"]
[SourceQuality "1"]
[WhiteTeam "Aurich"]
[BlackTeam "Berlin Mattnetz"]
[WhiteTeamCountry "GER"]
[BlackTeamCountry "GER"]

1. d4 d5 2. Nf3 Nf6 3. c4 e6 4. e3 Be7 5. Nc3 0-0 6. b3 b6 7. Be2 Bb7 8. 0-0 c5 9. Bb2 Nc6 10. Qd2 Rc8 11. Rfd1 dxc4 12. Bxc4 cxd4 13. Nxd4 Na5 14. Be2 Bb4 15. Rac1 Ne4 16. Qd3 Nxc3 17. Bxc3 Bxc3 18. Rxc3 Qg5 19. Bf3 Rxc3 20. Qxc3 Rc8 21. Qd3 Bxf3 22. Nxf3 Qc5 23. Qd2 Rf8 24. h3 Nc6 25. Qd6 Qc2 26. Rd2 Qc1+ 27. Kh2 h6 28. Qc7 Qc5 29. Rd6 Ne5 30. Qxc5 Nxf3+ 31. gxf3 bxc5 32. Ra6 Rc8 33. Rxa7 c4 34. bxc4 Rxc4 35. Kg3 e5 36. a4 f6 37. a5 Kh7 38. a6 Ra4 39. Ra8 Kg6 40. a7 Kh5 41. f4 1/2-1/2

[Event "GER-chT North U14"]
[Site "Magdeburg"]
[Date "2013.09.15"]
[Round "7.2"]
[White "Henning, Yannick"]
[Black "Neander, Lenard"]
[Result "1-0"]
[WhiteElo "1576"]
[BlackElo "1412"]
[PlyCount "85"]
[EventDate "2013.09.12"]
[EventType "team-swiss"]
[EventRounds "7"]
[EventCountry "GER"]
[SourceTitle "EXT 2014"]
[Source "ChessBase"]
[SourceDate "2013.11.20"]
[SourceVersion "1"]
[SourceVersionDate "2013.11.20"]
[SourceQuality "1"]
[WhiteTeam "Aurich"]
[BlackTeam "Hamburg Eppendorf"]
[WhiteTeamCountry "GER"]
[BlackTeamCountry "GER"]

1. d4 d5 2. Nf3 Nf6 3. c4 dxc4 4. Nc3 a6 5. a4 Nc6 6. e3 Na5 7. Ne5 c5 8. Nxc4 Nxc4 9. Bxc4 e6 10. 0-0 cxd4 11. Qxd4 Qxd4 12. exd4 Be7 13. Re1 0-0 14. d5 Bc5 15. dxe6 Bxe6 16. Bxe6 fxe6 17. Be3 Bxe3 18. Rxe3 Rad8 19. Rae1 Rd2 20. R3e2 Rfd8 21. Rxd2 Rxd2 22. Re2 Rd6 23. f3 Kf7 24. Kf2 Rd4 25. Ne4 Nxe4+ 26. Rxe4 Rxe4 27. fxe4 Kf6 28. h4 h5 29. Kf3 g5 30. g3 gxh4 31. gxh4 Ke5 32. Ke3 a5 33. Kf3 Kd4 34. Kf4 e5+ 35. Kf5 b6 36. b3 Kc3 37. Kxe5 Kxb3 38. Kd5 b5 39. axb5 a4 40. b6 a3 41. b7 a2 42. b8Q+ Kc2 43. Qa7 1-0

[Event "Niedersachsen-ch U10"]
[Site "Rotenburg"]
[Date "2009.04.09"]
[Round "10"]
[White "Beier, Jonathan"]
[Black "Henning, Yannick"]
[Result "1-0"]
[WhiteElo "839"]
[BlackElo "988"]
[PlyCount "47"]
[EventDate "2009.04.04"]
[EventType "swiss"]
[EventRounds "11"]
[EventCountry "GER"]
[SourceTitle "EXT 2010"]
[Source "ChessBase"]
[SourceDate "2010.11.25"]
[SourceVersion "1"]
[SourceVersionDate "2010.11.25"]
[SourceQuality "1"]

1. e4 e5 2. Nf3 Nf6 3. Nxe5 d6 4. Nf3 Nxe4 5. Nc3 Nxc3 6. dxc3 Be7 7. Bf4 0-0 8. Qd2 Nd7 9. 0-0-0 Nc5 10. Re1 Re8 11. Bc4 c6 12. Bxd6 Bxd6 13. Rxe8+ Qxe8 14. Qxd6 Ne4 15. Qf4 h6 16. Re1 b5 17. Rxe4 Qf8 18. Bb3 Bb7 19. Ne5 c5 20. Bxf7+ Kh7 21. Qf5+ Kh8 22. Ng6+ Kh7 23. Nxf8+ Kh8 24. Qh7# 1-0

[Event "Niedersachsen-ch U10"]
[Site "Rotenburg"]
[Date "2009.04.06"]
[Round "4"]
[White "Ngo, Minh Duc"]
[Black "Henning, Yannick"]
[Result "0-1"]
[WhiteElo "1034"]
[BlackElo "988"]
[PlyCount "100"]
[EventDate "2009.04.04"]
[EventType "swiss"]
[EventRounds "11"]
[EventCountry "GER"]
[SourceTitle "EXT 2010"]
[Source "ChessBase"]
[SourceDate "2010.11.25"]
[SourceVersion "1"]
[SourceVersionDate "2010.11.25"]
[SourceQuality "1"]

1. e4 e5 2. Nf3 Nf6 3. Nxe5 d6 4. Nf3 Nxe4 5. d4 d5 6. Bd3 Qe7 7. 0-0 Bf5 8. Re1 Nc6 9. Bg5 Nxg5 10. Rxe7+ Bxe7 11. Bxf5 Nxf3+ 12. Qxf3 Nxd4 13. Qxd5 Nxc2 14. Qxb7 Nxa1 15. Qxa8+ Bd8 16. Nc3 0-0 17. Qxa7 Re8 18. g3 g6 19. Bd7 Re7 20. Bb5 c6 21. Bxc6 Rxa7 22. Nb5 Rxa2 23. b4 Nc2 24. Nd6 Nxb4 25. Bb5 Ra5 26. Bc4 Be7 27. Nxf7 Nd5 28. Ne5 Kg7 29. Nc6 Rc5 30. Bxd5 Rxd5 31. Nxe7 Rd6 32. Nc8 Rd1+ 33. Kg2 g5 34. Ne7 Kf7 35. Nf5 Ra1 36. Nh6+ Kg6 37. Ng4 Kf5 38. Ne3+ Ke4 39. Nc2 Ra8 40. f3+ Kf5 41. Nd4+ Kg6 42. Nc6 h5 43. Kh3 Ra1 44. g4 hxg4+ 45. fxg4 Ra3+ 46. Kg2 Kf6 47. h3 Ke6 48. Nd4+ Ke5 49. Nf3+ Kf4 50. Ng1 Ra2+ 0-1